000 00781nam a2200217Ii 4500
003 JO-AjNU
008 230605s9999||||xx |||||||||||||| ||und||
017 _a`
040 _aJO-AjNU
_bara
_erda
_cJO-AjNU
041 _aara
050 1 4 _aJX1954.S27664.1989
100 3 _a سرحان، عبد العزيز محمد ,
_eauthor
_944747
245 0 0 _aالنظرية العامة للتنظيم الدولى على ضوء أهم أحكام ميثاق الأمم المتحدة
250 _a(د،ط)
264 3 1 _aالقاهرة : دار النهضة العربية ، 1989
300 _a348ص
336 _atext
_btxt
_2rdacontent
337 _aunmediated
_bn
_2rdamedia
338 _avolume
_bnc
_2rdacarrier
650 4 _aتنظيم دولي -- منظمات دولية
_944748
999 _aA19345
_c22913
_d22913